Stati tra 9 000 000 e 10 000 000 abitanti - Statistics

Statistiche generali
  • Questo quiz è stato fatto 10 volte
  • Il punteggio medio è 5 su 6
Statistiche sulle risposte
Popolazione (ab.) Continente Nazione % Corretto
6 745 149 America del Nord Honduras
100%
9 154 514 Europa Austria
89%
9 200 617 Europa Bielorussia
78%
9 827 000 Asia Israele
78%
9 282 410 Asia Emirati Arabi Uniti
56%
9 597 085 Europa Ungheria
56%
Nessun quiz corrispondente trovato
Distribuzione punteggi
Percentuale di utenti per punteggio
Percentile per numero di risposta
I tuoi punteggi nel tempo
Non hai fatto questo quiz